Venture Capital and Private Equity Investment in the Czech Republic
Analýza investičných aktivít rizikového kapitálu (venture capital, VC) a vlastného imania (private equity, PE) v Českej republike. Pokračovanie predchádzajúceho výskumu zameraného na vývoj a porovnanie českého a európskeho trhu vlastného imania, súkromného kapitálu a rizikového kapitálu v rokoch 200...
Saved in:
| Main Author: | |
|---|---|
| Other Authors: | |
| Format: | Book Chapter |
| Language: | English |
| Subjects: | |
| Tags: |
No Tags, Be the first to tag this record!
|
MARC
| LEADER | 00000naa a2200000 4500 | ||
|---|---|---|---|
| 001 | 0282848 | ||
| 005 | 20220323135020.8 | ||
| 041 | 0 | |a eng | |
| 044 | |a CZ | ||
| 245 | 1 | 0 | |a Venture Capital and Private Equity Investment in the Czech Republic |c Božena Kadeřábková, Petr Ptáček |
| 520 | |a Analýza investičných aktivít rizikového kapitálu (venture capital, VC) a vlastného imania (private equity, PE) v Českej republike. Pokračovanie predchádzajúceho výskumu zameraného na vývoj a porovnanie českého a európskeho trhu vlastného imania, súkromného kapitálu a rizikového kapitálu v rokoch 2007 – 2012, resp. 2007 – 2013, s rozšírením časovej línie o údaje z rokov 2014 a 2015 a zistením prípadných rozdielov v trendoch vývoja trhu. | ||
| 610 | 2 | 0 | |a investície kapitálové |
| 610 | 2 | 0 | |a kapitál rizikový |
| 610 | 2 | 0 | |a imanie vlastné |
| 610 | 2 | 0 | |a kapitál vlastný |
| 610 | 2 | 0 | |a financie podnikové |
| 610 | 2 | 0 | |a financovanie podnikov |
| 610 | 2 | 0 | |a riadenie finančné |
| 610 | 2 | 0 | |a trh finančný medzinárodný |
| 610 | 2 | 0 | |a trh kapitálový medzinárodný |
| 610 | 2 | 0 | |a Česko |
| 610 | 2 | 0 | |a Európa |
| 100 | 1 | |a Kadeřábková, Božena | |
| 700 | 1 | |a Ptáček, Petr | |